000 01053nam a2200289 i 4500
003 DO-SdBNP
005 20260305073952.0
007 ta
008 260213b2025 dr ||||| |||| 00| 0 spa d
020 _a9789945525021
040 _aDO-SdBNP
_bspa
_cBNPHU
_erda
041 _aspa
100 1 _aMoya Pons, Frank,
_d1944-
_eautor
_4aut.
_92095
245 1 0 _aPerfil académico /
_cFrank Moya Pons ; edicción y coordinación, Clara Dobarro ; edición, María del Carmen Vicente
264 4 _aSanto Domingo :
_bEditora Nacional,
_c©2025.
300 _a243 páginas ;
_c26 cm.
336 _atexto
_btxt
_2rdacontent
337 _asin mediación
_bn
_2rdamedia
338 _avolumen
_bnc
_2rdacarrier
500 _aIncluye datos biográficos dl autor en las solapas
500 _aIncluye referencias bibliográficas y notas al pie de la páginas
590 _aInventariado, 2026/BT
700 _aDobarro, Clara,
_eeditor y coordinador
_4ed. y coord.
_934619
700 1 _aVicente, María del Carmen,
_eeditor
_4ed.
910 _aBtavárez
942 _2ddc
_cLBS1
999 _c60316
_d60316